<?xml version="1.0" encoding="UTF-8"?>
<record
    xmlns:xsi="http://www.w3.org/2001/XMLSchema-instance"
    xsi:schemaLocation="http://www.loc.gov/MARC21/slim http://www.loc.gov/standards/marcxml/schema/MARC21slim.xsd"
    xmlns="http://www.loc.gov/MARC21/slim">

  <leader>01177nam a22002177a 4500</leader>
  <datafield tag="999" ind1=" " ind2=" ">
    <subfield code="c">68486</subfield>
    <subfield code="d">68486</subfield>
  </datafield>
  <controlfield tag="005">20210611094837.0</controlfield>
  <controlfield tag="008">      s2556    th ||||| |||| 00| 0 tha d</controlfield>
  <datafield tag="020" ind1=" " ind2=" ">
    <subfield code="a">9786162044076</subfield>
  </datafield>
  <datafield tag="040" ind1=" " ind2=" ">
    <subfield code="a">NALT</subfield>
  </datafield>
  <datafield tag="050" ind1=" " ind2=" ">
    <subfield code="a">QA 76 </subfield>
    <subfield code="b">&#xE2D;177&#xE04; 2556</subfield>
  </datafield>
  <datafield tag="100" ind1="0" ind2=" ">
    <subfield code="a">&#xE2D;&#xE32;&#xE19;&#xE31;&#xE19;&#xE17;&#xE22;&#xE38;&#xE17;&#xE18; &#xE17;&#xE2D;&#xE07;&#xE40;&#xE25;&#xE35;&#xE48;&#xE22;&#xE21;</subfield>
  </datafield>
  <datafield tag="245" ind1="1" ind2="0">
    <subfield code="a">&#xE04;&#xE39;&#xE48;&#xE21;&#xE37;&#xE2D;&#xE0A;&#xE48;&#xE32;&#xE07;&#xE04;&#xE2D;&#xE21; &#xE09;&#xE1A;&#xE31;&#xE1A;&#xE2A;&#xE21;&#xE1A;&#xE39;&#xE23;&#xE13;&#xE4C; /</subfield>
    <subfield code="c">&#xE2D;&#xE32;&#xE19;&#xE31;&#xE19;&#xE17;&#xE22;&#xE38;&#xE17;&#xE18; &#xE17;&#xE2D;&#xE07;&#xE40;&#xE25;&#xE35;&#xE48;&#xE22;&#xE21;.</subfield>
  </datafield>
  <datafield tag="260" ind1="3" ind2=" ">
    <subfield code="a">&#xE01;&#xE23;&#xE38;&#xE07;&#xE40;&#xE17;&#xE1E;&#xE2F; : </subfield>
    <subfield code="b">&#xE42;&#xE1B;&#xE23;&#xE27;&#xE34;&#xE0A;&#xE31;&#xE48;&#xE19;, </subfield>
    <subfield code="c">2556</subfield>
  </datafield>
  <datafield tag="300" ind1=" " ind2=" ">
    <subfield code="a">375 &#xE2B;&#xE19;&#xE49;&#xE32; :</subfield>
    <subfield code="b">&#xE20;&#xE32;&#xE1E;&#xE1B;&#xE23;&#xE30;&#xE01;&#xE2D;&#xE1A;, &#xE15;&#xE32;&#xE23;&#xE32;&#xE07; ;</subfield>
    <subfield code="c">22 &#xE0B;&#xE21;.</subfield>
  </datafield>
  <datafield tag="650" ind1=" " ind2="0">
    <subfield code="a">&#xE04;&#xE2D;&#xE21;&#xE1E;&#xE34;&#xE27;&#xE40;&#xE15;&#xE2D;&#xE23;&#xE4C; </subfield>
    <subfield code="x">&#xE01;&#xE32;&#xE23;&#xE1A;&#xE33;&#xE23;&#xE38;&#xE07;&#xE23;&#xE31;&#xE01;&#xE29;&#xE32;&#xE41;&#xE25;&#xE30;&#xE01;&#xE32;&#xE23;&#xE0B;&#xE48;&#xE2D;&#xE21;&#xE41;&#xE0B;&#xE21;  </subfield>
    <subfield code="9">22634</subfield>
  </datafield>
  <datafield tag="650" ind1=" " ind2="4">
    <subfield code="a">&#xE04;&#xE2D;&#xE21;&#xE1E;&#xE34;&#xE27;&#xE40;&#xE15;&#xE2D;&#xE23;&#xE4C;</subfield>
    <subfield code="9">31685</subfield>
    <subfield code="x">&#xE01;&#xE32;&#xE23;&#xE08;&#xE31;&#xE14;&#xE0B;&#xE37;&#xE49;&#xE2D;</subfield>
  </datafield>
  <datafield tag="650" ind1=" " ind2="0">
    <subfield code="a">&#xE04;&#xE2D;&#xE21;&#xE1E;&#xE34;&#xE27;&#xE40;&#xE15;&#xE2D;&#xE23;&#xE4C; </subfield>
    <subfield code="x">&#xE40;&#xE04;&#xE23;&#xE37;&#xE48;&#xE2D;&#xE07;&#xE21;&#xE37;&#xE2D;&#xE41;&#xE25;&#xE30;&#xE2D;&#xE38;&#xE1B;&#xE01;&#xE23;&#xE13;&#xE4C;</subfield>
    <subfield code="9">18405</subfield>
  </datafield>
  <datafield tag="850" ind1=" " ind2=" ">
    <subfield code="a">NALT</subfield>
  </datafield>
  <datafield tag="942" ind1=" " ind2=" ">
    <subfield code="c">GB</subfield>
    <subfield code="2">lcc</subfield>
  </datafield>
  <datafield tag="998" ind1=" " ind2=" ">
    <subfield code="j">1020</subfield>
    <subfield code="k"> &#xE08;&#xE33;&#xE40;&#xE23;&#xE35;&#xE22;&#xE07; &#xE23;&#xE30;&#xE27;&#xE31;&#xE07;&#xE2A;&#xE33;&#xE42;&#xE23;&#xE07;</subfield>
  </datafield>
  <datafield tag="952" ind1=" " ind2=" ">
    <subfield code="0">0</subfield>
    <subfield code="1">0</subfield>
    <subfield code="2">lcc</subfield>
    <subfield code="4">0</subfield>
    <subfield code="7">0</subfield>
    <subfield code="8">CGBL</subfield>
    <subfield code="a">NALT</subfield>
    <subfield code="b">NALT</subfield>
    <subfield code="e">&#xE08;&#xE31;&#xE14;&#xE0B;&#xE37;&#xE49;&#xE2D;&#xE17;&#xE23;&#xE31;&#xE1E;&#xE22;&#xE32;&#xE01;&#xE23;</subfield>
    <subfield code="g">249.00</subfield>
    <subfield code="l">0</subfield>
    <subfield code="o">QA 76 &#xE2D;177&#xE04; 2556</subfield>
    <subfield code="p">3961194221</subfield>
    <subfield code="r">2017-06-09 00:00:00</subfield>
    <subfield code="v">299.00</subfield>
    <subfield code="w">2017-06-09</subfield>
    <subfield code="y">GB</subfield>
  </datafield>
</record>
